| Tag |
First Indicator |
Second Indicator |
Subfields |
| LEADER |
00000cam a2200000 i 4500 |
| 001 |
in00000029242 |
| 005 |
20151007060142.0 |
| 008 |
750623s1974 enk 00010 eng |
| 010 |
|
|
|a 75316115
|
| 015 |
|
|
|a GB75-10793
|
| 020 |
|
|
|a 0856460087 :
|c £2.95.
|
| 020 |
|
|
|a 0856460117 (pbk)
|
| 035 |
|
|
|a (OCoLC)01528561
|
| 035 |
|
|
|9 AAC0163AM
|
| 040 |
|
|
|a DLC
|c DLC
|d m.c.
|d TXA
|d UtOrBLW
|
| 049 |
|
|
|a [Wein] TXAM
|c [A11116879]
|
| 050 |
0 |
0 |
|a PR6003.O6724
|b A6 1974
|
| 082 |
0 |
|
|a 821/.9/12
|
| 100 |
1 |
|
|a Bottrall, Ronald,
|d 1906-1989.
|
| 245 |
1 |
0 |
|a Poems, 1955-1973 /
|c [by] Ronald Bottrall.
|
| 264 |
|
2 |
|a London :
|b Anvil Press Poetry : distributed by Routledge and Kegan Paul,
|c 1974.
|
| 300 |
|
|
|a 158 pages ;
|c 22 cm.
|
| 336 |
|
|
|a text
|b txt
|2 rdacontent
|
| 337 |
|
|
|a unmediated
|b n
|2 rdamedia
|
| 338 |
|
|
|a volume
|b nc
|2 rdacarrier
|
| 536 |
|
|
|a Poetry browsing collection: gift of Eleanor Weinbaum family.
|
| 999 |
|
|
|a MARS
|
| 999 |
f |
f |
|s 1fb1935e-7e25-36e3-8955-af2361a64f81
|i df7c0c01-6ee2-31d1-8d8b-15c03e917286
|t 0
|
| 952 |
f |
f |
|p ric
|a Texas A&M University
|b Rellis Campus
|c Joint Library Facility
|d Remote Storage
|t 0
|e PR6003.O6724 A6 1974
|h Library of Congress classification
|i unmediated -- volume
|m A14811116879
|
| 998 |
f |
f |
|a PR6003.O6724 A6 1974
|t 0
|l Remote Storage
|